<?xml version="1.0" encoding="UTF-8"?>
<record
    xmlns:xsi="http://www.w3.org/2001/XMLSchema-instance"
    xsi:schemaLocation="http://www.loc.gov/MARC21/slim http://www.loc.gov/standards/marcxml/schema/MARC21slim.xsd"
    xmlns="http://www.loc.gov/MARC21/slim">

  <leader>00852nam a22002417a 4500</leader>
  <controlfield tag="005">20241107132419.0</controlfield>
  <controlfield tag="008">110128t        mx ||||| |||| 00| 0 spa d</controlfield>
  <datafield tag="020" ind1=" " ind2=" ">
    <subfield code="a">970102172X</subfield>
  </datafield>
  <datafield tag="050" ind1="0" ind2="4">
    <subfield code="a">QA157</subfield>
    <subfield code="b">S65 1998</subfield>
  </datafield>
  <datafield tag="100" ind1="1" ind2=" ">
    <subfield code="a">Spiegel, Murray R.</subfield>
  </datafield>
  <datafield tag="240" ind1="1" ind2="0">
    <subfield code="a">Schaum's outline of college algebra</subfield>
    <subfield code="l">Espa&#xF1;ol</subfield>
  </datafield>
  <datafield tag="245" ind1="1" ind2="0">
    <subfield code="a">Algebra superior </subfield>
    <subfield code="c"> / Murray R. Spiegel ; traducci&#xF3;n  y adaptaci&#xF3;n Luis Guti&#xE9;rrez D&#xED;ez, &#xC1;ngel Guti&#xE9;rrez V&#xE1;zquez.</subfield>
  </datafield>
  <datafield tag="246" ind1="1" ind2="4">
    <subfield code="a">&#xC1;lgebra superior</subfield>
  </datafield>
  <datafield tag="250" ind1=" " ind2=" ">
    <subfield code="a">1a ed.</subfield>
  </datafield>
  <datafield tag="260" ind1=" " ind2=" ">
    <subfield code="a">M&#xE9;xico :</subfield>
    <subfield code="b">McGraw-Hill Interamericana Editores,</subfield>
    <subfield code="c">1998</subfield>
  </datafield>
  <datafield tag="300" ind1=" " ind2=" ">
    <subfield code="a">312 p. :</subfield>
    <subfield code="b">il. ,</subfield>
    <subfield code="c">24 cm.</subfield>
  </datafield>
  <datafield tag="490" ind1="0" ind2=" ">
    <subfield code="a">Schaum</subfield>
  </datafield>
  <datafield tag="500" ind1=" " ind2=" ">
    <subfield code="a">Incluye ap&#xE9;ndice e &#xED;ndice</subfield>
  </datafield>
  <datafield tag="650" ind1=" " ind2="7">
    <subfield code="2">lemb</subfield>
    <subfield code="a">&#xC1;lgebra</subfield>
    <subfield code="v">Problemas, ejercicios, etc.</subfield>
  </datafield>
  <datafield tag="700" ind1="1" ind2=" ">
    <subfield code="a">Guti&#xE9;rrez D&#xED;ez, Luis</subfield>
    <subfield code="e">traductor</subfield>
  </datafield>
  <datafield tag="700" ind1="1" ind2=" ">
    <subfield code="a">Guti&#xE9;rrez V&#xE1;zquez, Angel</subfield>
    <subfield code="e">traductor</subfield>
  </datafield>
  <datafield tag="942" ind1=" " ind2=" ">
    <subfield code="2">lcc</subfield>
    <subfield code="c">LIB</subfield>
  </datafield>
  <datafield tag="999" ind1=" " ind2=" ">
    <subfield code="c">37320</subfield>
    <subfield code="d">37320</subfield>
  </datafield>
  <datafield tag="952" ind1=" " ind2=" ">
    <subfield code="1">0</subfield>
    <subfield code="2">lcc</subfield>
    <subfield code="4">0</subfield>
    <subfield code="7">8</subfield>
    <subfield code="a">LIC-031</subfield>
    <subfield code="b">LIC-031</subfield>
    <subfield code="c">GENERAL</subfield>
    <subfield code="d">2013-05-02</subfield>
    <subfield code="e">UA</subfield>
    <subfield code="f">1a ed.</subfield>
    <subfield code="i">CEA</subfield>
    <subfield code="k">CNE</subfield>
    <subfield code="o">QA157 S65 r2003</subfield>
    <subfield code="p">BCCA000008551</subfield>
    <subfield code="r">2015-01-16 00:00:00</subfield>
    <subfield code="t">1</subfield>
    <subfield code="v">200.00</subfield>
    <subfield code="y">LIB</subfield>
    <subfield code="z">imp. 2003</subfield>
  </datafield>
  <datafield tag="952" ind1=" " ind2=" ">
    <subfield code="1">0</subfield>
    <subfield code="2">lcc</subfield>
    <subfield code="4">0</subfield>
    <subfield code="7">0</subfield>
    <subfield code="a">LIC-031</subfield>
    <subfield code="b">LIC-031</subfield>
    <subfield code="c">GENERAL</subfield>
    <subfield code="d">2013-05-02</subfield>
    <subfield code="e">UA</subfield>
    <subfield code="f">1a ed.</subfield>
    <subfield code="i">CEA</subfield>
    <subfield code="k">CNE</subfield>
    <subfield code="o">QA157 S65 r2001</subfield>
    <subfield code="p">BCCA000008552</subfield>
    <subfield code="r">2015-01-16 00:00:00</subfield>
    <subfield code="t">2</subfield>
    <subfield code="v">200.00</subfield>
    <subfield code="y">LIB</subfield>
    <subfield code="z">imp. 2001</subfield>
  </datafield>
  <datafield tag="952" ind1=" " ind2=" ">
    <subfield code="1">0</subfield>
    <subfield code="2">lcc</subfield>
    <subfield code="4">0</subfield>
    <subfield code="7">0</subfield>
    <subfield code="a">LIC-031</subfield>
    <subfield code="b">LIC-031</subfield>
    <subfield code="c">GENERAL</subfield>
    <subfield code="d">2013-05-02</subfield>
    <subfield code="e">UA</subfield>
    <subfield code="f">1a ed.</subfield>
    <subfield code="i">CEA</subfield>
    <subfield code="k">CNE</subfield>
    <subfield code="o">QA157 S65 r2003</subfield>
    <subfield code="p">BCCA000005586</subfield>
    <subfield code="r">2015-01-16 00:00:00</subfield>
    <subfield code="t">3</subfield>
    <subfield code="v">200.00</subfield>
    <subfield code="y">LIB</subfield>
    <subfield code="z">imp. 2003</subfield>
  </datafield>
</record>
